| 000 | 00533nam a22001937a 4500 | ||
|---|---|---|---|
| 999 |
_c2708 _d2708 |
||
| 005 | 20201117121542.0 | ||
| 008 | 201117b ||||| |||| 00| 0 eng d | ||
| 020 | _a9781999757601 | ||
| 040 | _cKABLIB | ||
| 082 |
_223 _a616 _bRAN |
||
| 100 |
_aRankin ,Sharon _97327 |
||
| 245 |
_aOral Health Manual / _cSharon Rankin ,Marian Lennon |
||
| 250 | _a2nd ed.: | ||
| 260 |
_aUK : _bSunnymede Trust , _cc2019. |
||
| 300 |
_a115p.: _bill.(som.col.); _c30cm |
||
| 650 |
_ahealth _97328 |
||
| 700 |
_aLennon,Marian _97329 |
||
| 942 |
_2ddc _cBOOK |
||